| 000 | 00835cam a2200265 a 4500 | ||
|---|---|---|---|
| 001 | 15637793 | ||
| 005 | 20241118143741.0 | ||
| 008 | 090225s2009 nyua 001 0 eng | ||
| 020 | _a9780071615457 (alk. paper) | ||
| 020 | _a0071615458 (alk. paper) | ||
| 050 | 0 | 0 |
_aQA433 _b.S66 2009 |
| 082 | 0 | 0 |
_a515/.63 _222 |
| 100 | 1 | _aLipschutz, Seymour. | |
| 245 | 1 | 0 |
_aVector analysis and an introduction to tensor analysis / _cSeymour Lipschutz, Dennis Spellman, Murray R. Spiegel. |
| 250 | _a2nd ed. | ||
| 260 |
_aNew York : _bMcGraw-Hill, _cc2009. |
||
| 300 |
_aviii, 238 p. : _bill. ; _c28 cm. |
||
| 500 | _aIncludes index. | ||
| 650 | 0 | _aVector analysis. | |
| 650 | 0 | _aCalculus of tensors. | |
| 700 | 1 | _aSpiegel, Murray R. | |
| 700 | 1 | _aLipschutz, Seymour. | |
| 700 | 1 |
_aSpellman, Dennis, _d1945- |
|
| 942 |
_2lcc _cBK _e2nd Ed. _n0 |
||
| 999 |
_c1283 _d1283 |
||